| Tag |
First Indicator |
Second Indicator |
Subfields |
| LEADER |
00000cam a2200000 a 4500 |
| 001 |
in00000089685 |
| 005 |
20151008065459.0 |
| 008 |
811202s1980 nyu d 00010 eng |
| 010 |
|
|
|a 81080354
|
| 019 |
|
|
|a 7799049
|
| 020 |
|
|
|a 0960578005
|
| 035 |
|
|
|a (OCoLC)07750608
|
| 035 |
|
|
|9 AAK6026AM
|
| 039 |
0 |
|
|a 2
|b 3
|c 3
|d 3
|e 3
|
| 040 |
|
|
|a DLC
|c DLC
|d TXA
|d UtOrBLW
|
| 041 |
0 |
|
|a eng
|a ita
|
| 043 |
|
|
|a e-it---
|
| 049 |
|
|
|a TXAM
|c [1502787]
|
| 050 |
0 |
0 |
|a LAW
|
| 082 |
0 |
|
|a 340/.03/51
|2 19
|
| 090 |
|
|
|a K52.I7
|b G3 1980
|
| 099 |
|
|
|a KJF
|a G324
|
| 100 |
1 |
|
|a Genco, Joseph Thomas,
|d 1912-
|
| 245 |
1 |
0 |
|a Dictionary of Italian legal terms and relevant definitions /
|c by Joseph Thomas Genco.
|
| 264 |
|
1 |
|a [New York, N.Y.] :
|b J.T. Genco,
|c [1980]
|
| 264 |
|
4 |
|c ©1980
|
| 300 |
|
|
|a 316 pages ;
|c 24 cm.
|
| 336 |
|
|
|a text
|b txt
|2 rdacontent
|
| 337 |
|
|
|a unmediated
|b n
|2 rdamedia
|
| 338 |
|
|
|a volume
|b nc
|2 rdacarrier
|
| 650 |
|
0 |
|a Law
|z Italy
|x Dictionaries
|x Italian.
|
| 650 |
|
0 |
|a Italian language
|v Dictionaries
|x English.
|
| 999 |
|
|
|a MARS
|
| 999 |
f |
f |
|s 67921387-eca7-326b-9cb6-62889004ba79
|i cc6c63c1-2124-352a-b43e-280fab9acbdc
|t 0
|
| 952 |
f |
f |
|p ric
|a Texas A&M University
|b Rellis Campus
|c Joint Library Facility
|d Remote Storage
|t 0
|e K52.I7 G3 1980
|h Library of Congress classification
|i unmediated -- volume
|m A14806074517
|
| 998 |
f |
f |
|a K52.I7 G3 1980
|t 0
|l Remote Storage
|